000 00778nam a2200205Ia 4500
001 1305
003 GE_BSU
008 181216s||||||||xx |||||||||||||| ||und||
040 _cGE_BSU
080 _a576.72(038)
245 _aსაერთაშორისო ჰისტოლოგიური ნომენკლატურა.
245 _bშემდგ. მ. კორძაია, მ. ჭიჭინაძე. რედ. ნ. ჯავახიშვილი.
260 _aთბილისი
260 _bგანათლება
260 _c1977
300 _a134 გვ. 20 სმ.
541 _h10 ლ.
653 _aსაერთაშორისო ჰისტოლოგიური ნომენკლატურა
942 _cBK
999 _c35447
_d35447